000 00532nam a2200193Ia 4500
003 LDD
008 181101s9999 xx 000 0 und d
020 _a8171601529
_c230.00
040 _cLDD
100 _aKhan, Rasheed Hasan
245 0 _aSehrul bayan
_cRasheed Hasan Khan
250 _a2nd ed.
260 _aNew Delhi
_bAnjuman Taraqqi Urdu (Hind)
_c2010
300 _a627p.
901 _a15921
_b17-03-2017
902 _a2841
_b17-03-2017
_cF
_dPIBD
_e8U
903 _a20
_bReqst by : Mohd. Akbar
942 _2ddc
_cUR
999 _c298
_d298